000 00615nam a2200229Ia 4500
003 OSt
005 20220926041102.0
006 a|||||r|||| 00| 0
007 ta
008 220923b |||||||| |||| 00| 0 eng d
037 _cGeneral Book
040 _aRTL
_cRTL
_beng
041 _2eng
_aeng
082 _aX:8K, K8
100 _aBatty J Ed.
245 0 _aCost and management accountancy for students
260 _c1968
490 _aHeinemann accountancy and administration series
650 _aCost Accuonts
_9232698
942 _hX:8K, K8
_cGB
_2CC
999 _c666336
_d666336